Potential challenge (Record no. 82801)

MARC details
000 -LEADER
fixed length control field 00889cab a22002055a 4500
001 - CONTROL NUMBER
control field L151468
008 - FIXED-LENGTH DATA ELEMENTS--GENERAL INFORMATION
fixed length control field 101108e20101030xxk 000 0 eng d
035 ## - SYSTEM CONTROL NUMBER
System control number (Sirsi) u151468
041 0# - LANGUAGE CODE
Language code of text/sound track or separate title eng
100 1# - MAIN ENTRY--PERSONAL NAME
Personal name Hooper, Robin
245 00 - TITLE STATEMENT
Title Potential challenge
260 ## - PUBLICATION, DISTRIBUTION, ETC.
Date of publication, distribution, etc. 2010
490 ## - SERIES STATEMENT
Series statement Estates Gazette
Volume/sequential designation (1043) 30 October 2010, 88(1)
520 ## - SUMMARY, ETC.
Summary, etc. Explores how organsations can make savings in energy costs through alternative energy generation, use carbon trading system to maximise returns and take advantage of available tax benefits. Gives examples of alternative energy sources including anaerobic digestors in rural areas and installation of photovoltaic panels to harness solar powers.
590 ## - LOCAL NOTE (RLIN)
Local note KA
650 24 - SUBJECT ADDED ENTRY--TOPICAL TERM
Topical term or geographic name entry element CARBON REDUCTION COMMITMENT ENERGY EFFICIENCY SCHEME
651 #4 - SUBJECT ADDED ENTRY--GEOGRAPHIC NAME
Geographic name United Kingdom
Chronological subdivision
690 ## - LOCAL SUBJECT ADDED ENTRY--TOPICAL TERM (OCLC, RLIN)
Topical term or geographic name as entry element ENVIRONMENTAL AND LAND CONSULTANCY-ENERGY
942 ## - ADDED ENTRY ELEMENTS (KOHA)
Suppress in OPAC 0
Holdings
Withdrawn status Lost status Source of classification or shelving scheme Damaged status Not for loan Home library Current library Shelving location Date acquired Total Checkouts Full call number Barcode Date last seen Copy number Price effective from Koha item type
    Dewey Decimal Classification     London London Journal article 08/11/2010   L151468 151468-1001 06/08/2019 1 06/08/2019 Journal article